Okres Zvolen vystavuje

Výstava hospodárskych úspechov zvolenského regiónu, ktorú usporiadal Okresný úrad Zvolen 25.9.-6.10.1995 v priestoroch Ministerstva hospodárstva SR v Bratislave.

Gespeichert in:
Bibliographische Detailangaben
1. Verfasser: Pinka, J.
Format: Buchkapitel
Sprache:Slowakisch
Schlagworte:
Tags: Tag hinzufügen
Keine Tags, Fügen Sie das erste Tag hinzu!

MARC

LEADER 00000naa a2200000 4500
001 r019432
005 20221213095839.2
041 0 |a slo 
044 |a SK 
245 1 0 |a Okres Zvolen vystavuje  |c J. Pinka 
520 |a Výstava hospodárskych úspechov zvolenského regiónu, ktorú usporiadal Okresný úrad Zvolen 25.9.-6.10.1995 v priestoroch Ministerstva hospodárstva SR v Bratislave. 
610 2 0 |a Slovensko 
610 2 0 |a okresy 
610 2 0 |a regióny 
610 2 0 |a Zvolen 
610 2 0 |a Detva 
610 2 0 |a Krupina 
610 2 0 |a výstavy 
610 2 0 |a september-október 
610 2 0 |a 1995 
100 1 |a Pinka, J.